000 01849nam a2200253Ia 4500
005 20230824101329.0
008 130821s1998 br g q mlpor d
040 _aCO-BoUCM
_bspa
_cDavid Moreno
_dDavid Moreno
041 _aeng
092 _aDVD 1647
245 0 0 _aThe Stanford Prison Experiment /
_cKyle Patrick Alvarez (Director)
_h[DVD]
260 _aUSA
_b IFC Independent Film
_c2015
300 _a1 DVD, ‎ 2 horas y 2 minutos
_bimagen, sonido
500 _aSINOPSIS: ¿Qué sucede cuando un estudio psicológico universitario sale terriblemente mal? Basado en una famosa historia real, EL EXPERIMENTO DE LA PRISIÓN DE STANFORD está protagonizado por Billy Crudup (Watchmen) como el Dr. Philip Zimbardo, profesor de la Universidad de Stanford, quien, en 1971, eligió a 24 estudiantes voluntarios como prisioneros y guardias en una cárcel simulada para examinar el origen del comportamiento abusivo. en el sistema penitenciario. Los resultados sorprendieron al mundo, ya que los participantes pasaron de ser estudiantes universitarios de clase media a sádicos borrachos de poder y víctimas sumisas en tan solo unos días. EL EXPERIMENTO DE LA PRISIÓN DE STANFORD es una película escalofriante y al borde de la realidad. Thriller sentado sobre el lado oscuro del poder y los efectos del encarcelamiento.
508 _aCRÉDITOS: Dirigida por: Kyle Patrick Alvarez
511 1 _aREPARTO: Ezra Miller, Billy Crudup, Kyle Patrick Alvarez, Tye Sheridan
546 _aAudio en Portugués. Subtítulos en Portugués, Inglés, Español y Francés
650 0 4 _aEntretenimiento
_926487
_vDVD
650 0 4 _aThrillers
_vDVD
_915547
650 0 4 _aEfectos del encarcelamiento
_vDVD
_920984
650 0 4 _aSociología
_924766
_vDVD
700 1 _aPatrick Alvarez, Kyle
_edirector
_959241
942 _cMULTIMEDIA
_2LOCAL
_a11
_e1
_hDVD 1647
999 _c323065
_d323065